Autobiography of Benjamin Franklin
Saved in:
| Hovedforfatter: | |
|---|---|
| Format: | Bog |
| Sprog: | engelsk |
| Udgivet: |
Nueva York
Doubleday and Company
1965
|
| Serier: | Dolphin Books
|
| Fag: | |
| Tags: |
Tilføj Tag
Ingen Tags, Vær først til at tagge denne postø!
|
MARC
| LEADER | 00000nam a2200000 a 4500 | ||
|---|---|---|---|
| 001 | UCZ3162 | ||
| 003 | CL-VaPUC | ||
| 008 | 951020e19650000US |||||||||||||||||eng|d | ||
| 082 | 0 | 4 | |a 923.2 |b FRA |2 21 |
| 100 | 0 | |a Franklin, Benjamin |e author |9 331855 | |
| 245 | 1 | 0 | |a Autobiography of Benjamin Franklin |
| 300 | |a 280 p | ||
| 942 | |c BK | ||
| 945 | |d 19951020 00:00:00 |a rbrito | ||
| 260 | |a Nueva York |b Doubleday and Company |c 1965 | ||
| 600 | 0 | 7 | |a FRANKLIN, BENJAMIN |2 CL-VaPUC |9 331855 |
| 650 | 0 | |a Autobiografías |9 265171 | |
| 650 | 0 | |a Científicos |9 262025 | |
| 583 | |a last modification |c 19951020 00:00:00 |k Rodrigo Vera | ||
| 490 | 0 | |a Dolphin Books | |
| 999 | |c 239672 |d 239670 | ||
| 952 | |0 0 |1 0 |4 0 |6 923_200000000000000_FRA_1965 |7 0 |8 A |9 250969 |a BIBEDU |b BIBEDU |d 2019-11-18 |i 3142027 |o 923.2 FRA 1965 |p 3142027 |r 2019-11-18 |w 2019-11-18 |y BK |k LIT | ||